| 000 | 00367nam a2200133Ia 4500 | ||
|---|---|---|---|
| 008 | 210430s9999 xx 000 0 und d | ||
| 020 | _a1-56564-081-0 | ||
| 082 | _a174.4 A2861 B | ||
| 100 |
_aMushtaq Ahmad _93388 |
||
| 245 |
_aBusiness Ethics in Islam _cMushtaq Ahmad |
||
| 260 |
_aPakistan _bIslamic Research Institute _c1982 |
||
| 300 | _a210 p | ||
| 942 |
_cBK _2ddc |
||
| 999 |
_c564964 _d564964 |
||